Statistics for Guess The Country By The Bad Spelling #2

Click here to take the quiz!

General Stats

  • This quiz has been taken 36 times
  • The average score is 18 of 20

Answer Stats

HintAnswer% Correct
Is RealIsrael
100%
MehxincoMexico
100%
PairagayParaguay
100%
ServbinaSerbia
100%
GuamamalaGuatemala
97%
CanyaKenya
97%
LatteviaLatvia
97%
ThaiwonTaiwan
97%
TielandThailand
97%
OuchtriaAustria
94%
CutewaitKuwait
94%
YeahmanYemen
94%
AllgermiaAlgeria
91%
AzelbaigeanAzerbaijan
91%
Sint LuckiaSaint Lucia
91%
BurnundoiBurundi
85%
MoreottoMorocco
82%
TootvavlooTuvalu
82%
ExitreataEritrea
76%
SuskovoKosovo
76%

Score Distribution

Percentile by Number Answered

Percent of People with Each Score

Your Score History

You have not taken this quiz